True blood. La seconda stagione completa /

Saved in:
書目詳細資料
其他作者: Ball, Alan (Director), Paquin, Anna (Actor)
格式: 幻燈片
語言:意大利语
英语
出版: Milano : Warner home video, ©2010
標簽: 添加標簽
沒有標簽, 成為第一個標記此記錄!

MARC

LEADER 00000ngm a22000007ia4500
001 IT\ICCU\UBO\3979161
003 ItRI
005 20260124182804.0
008 121207s2010 it |||||||||||||||k|||||c
024 3 1 |a 5051891026469 
028 4 2 |a 1000208700 
028 4 2 |a 5000127519 
040 |b ita 
041 7 |a ita  |a eng  |2 ISO-639-2 
082 |a 791.45  |9 TELEVISIONE  |2 19 
130 0 |a True Blood <serie TV ; 2008- >  |3 IT\ICCU\UBO\3948334 
245 0 0 |a True blood. La seconda stagione completa /  |c created by Alan Ball. 
260 |a Milano :  |b Warner home video,  |c ©2010 
300 |a 5 DVD-Video (ca. 720 min. compless.) :  |b color., sonoro 
500 |a Caratteristiche tecniche: area 2; video 16:9, 1.85:1 adatto a ogni tipo di tv; audio Dolby digital 5.1§ 
500 |a Titolo. del contenitore 
500 |a Seconda stagione in 12 episodi 2009 della serie TV, produzione Stati Uniti 
500 |a Interpreti: Anna Paquin 
500 |a Lingue: italiano, inglese; sottotitoli: italiano e inglese per non udenti 
500 |a Contenuti speciali. 
700 1 |a Ball, Alan  |0 IT\ICCU\TO0V\371164  |4 drt 
700 1 |a Paquin, Anna  |0 IT\ICCU\UBOV\553571  |4 act 
942 |2 ddc  |c VM  |n 0 
952 |0 0  |1 0  |4 0  |6 VO_2329_000000000000000  |7 0  |9 26285  |a BO  |b BO  |d 2026-01-24  |i 18740  |l 0  |o VO 2329  |p BO18740  |r 2026-01-24 18:28:04  |w 2026-01-24  |x [Sebina 5] [DVD 1-5]  |y VM  |z 5 DVD 
999 |c 22206  |d 22206